The Muppets Quiz Stats

 Plays Quiz Updated Oct 18, 2018

Score 0/24 Timer 06:00
2 Plays Today
% Correct
Kermit the Frog
98.6%
Miss Piggy
98%
Gonzo
84.9%
Animal
78.9%
Beaker
75.6%
Fozzie Bear
73.5%
The Swedish Chef
63.4%
Rowlf the Dog
49.4%
Rizzo the Rat
45.7%
Sam the Eagle
45.6%
Scooter
43.9%
Waldorf
39.9%
% Correct
Statler
34.9%
Dr. Teeth
33.7%
Dr. Bunsen Honeydew
30.3%
Janice
27%
Camila
23.4%
Sweetums
21.8%
Zoot
19.6%
Beauregard
14.1%
Sgt. Floyd Pepper
13.6%
Crazy Harry
12%
Lew Zealand
11.6%
Link Hogthrob
8.4%

You're not logged in!

Compare scores with friends on all Sporcle quizzes.
OR
Log In

Sporcle TV

Today on Sporcle TV


Watch our educational content, quiz creation guides, and fun videos on Sporcle TV.

Show Comments

Extras

Top Quizzes Today


Score Distribution

Your Account Isn't Verified!

In order to create a playlist on Sporcle, you need to verify the email address you used during registration. Go to your Sporcle Settings to finish the process.

Report this User

Report this user for behavior that violates our Community Guidelines.

Details: